Dehydration Identification & Vitality Evaluation (DIVE) / (Record no. 537881)
[ view plain ]
| 000 -LEADER | |
|---|---|
| fixed length control field | 00650nam a22001697a 4500 |
| 082 ## - DEWEY DECIMAL CLASSIFICATION NUMBER | |
| Classification number | 621.3 |
| 100 ## - MAIN ENTRY--PERSONAL NAME | |
| Personal name | Ahmed, Nouman ; Raza, Syed Feroz ; Shujaat, Syed Saim |
| 245 ## - TITLE STATEMENT | |
| Title | Dehydration Identification & Vitality Evaluation (DIVE) / |
| Statement of responsibility, etc. | Nouman Ahmed ; Syed Feroz Raza ; Syed Saim Shujaat |
| 260 ## - PUBLICATION, DISTRIBUTION, ETC. | |
| Place of publication, distribution, etc. | Islamabad : |
| Name of publisher, distributor, etc. | SEECS - NUST, |
| Date of publication, distribution, etc. | 2018. |
| 300 ## - PHYSICAL DESCRIPTION | |
| Extent | 58 p. ; |
| Dimensions | 30cm. |
| 563 ## - BINDING INFORMATION | |
| Binding note | a |
| 650 ## - SUBJECT ADDED ENTRY--TOPICAL TERM | |
| Topical term or geographic name entry element | Electrical(Electronics) Engineering-Project Report |
| 700 ## - ADDED ENTRY--PERSONAL NAME | |
| Personal name | Dr. Awais Mehmood Kamboh |
| 856 ## - Uniform Resource Identifier | |
| Uniform Resource Identifier | <a href="http://10.250.8.41:8080/xmlui/handle/123456789/18554">http://10.250.8.41:8080/xmlui/handle/123456789/18554</a> |
| 942 ## - ADDED ENTRY ELEMENTS (KOHA) | |
| Source of classification or shelving scheme | |
| Koha item type | Thesis |
| 650 ## - SUBJECT ADDED ENTRY--TOPICAL TERM | |
| -- | 93435 |
| 700 ## - ADDED ENTRY--PERSONAL NAME | |
| -- | 19312 |
| Withdrawn status | Lost status | Source of classification or shelving scheme | Damaged status | Not for loan | Permanent Location | Current Location | Shelving location | Date acquired | Full call number | Barcode | Date last seen | Price effective from | Koha item type |
|---|---|---|---|---|---|---|---|---|---|---|---|---|---|
| WITHDRAWN | Central Library (CL) | Central Library (CL) | Thesis | 10/20/2020 | 621.3 | CL-BP-633 | 10/20/2020 | 10/20/2020 | Project Report |
